[Event "SUI-chT"]
[Site "Switzerland"]
[Date "2018.04.29"]
[Round "3.1"]
[White "Moor, Roger"]
[Black "Gheorghiu, Florin"]
[Result "1/2-1/2"]
[WhiteElo "2410"]
[BlackElo "2363"]
[PlyCount "145"]
[EventDate "2018.03.25"]
[EventType "team-tourn"]
[EventRounds "9"]
[EventCountry "SUI"]
[SourceTitle "EXT 2019"]
[Source "ChessBase"]
[SourceDate "2018.10.10"]
[SourceVersion "1"]
[SourceVersionDate "2018.10.10"]
[SourceQuality "1"]
[WhiteTeam "Wollishofen"]
[BlackTeam "Echallens"]
[WhiteTeamCountry "SUI"]
[BlackTeamCountry "SUI"]

1. c4 c5 2. g3 Nc6 3. Bg2 g6 4. Nc3 Bg7 5. a3 a6 6. Nf3 Nf6 7. 0-0 0-0 8. Rb1 d5 9. cxd5 Nxd5 10. Nxd5 Qxd5 11. d3 Bg4 12. h3 Bxf3 13. Bxf3 Qd7 14. Bg2 Rac8 15. Bd2 Rfd8 16. Bc3 b5 17. Rc1 Nd4 18. Ba5 Re8 19. e3 Nc6 20. Bc3 Bxc3 21. Rxc3 Na5 22. Qe2 Red8 23. Rfc1 c4 24. dxc4 Rxc4 25. Bf1 Rxc3 26. Rxc3 Nc4 27. a4 Qd1 28. axb5 axb5 29. b3 Qxe2 30. Bxe2 Nd6 31. Bd3 b4 32. Rc6 Rc8 33. Rxc8+ Nxc8 34. f4 Nd6 35. e4 f6 36. e5 fxe5 37. fxe5 Nf7 38. Kf2 Nxe5 39. Ke3 Kf7 40. Kd4 Ke6 41. Be4 Kd6 42. h4 h6 43. Bg2 g5 44. hxg5 hxg5 45. Be4 e6 46. Bh7 Nf3+ 47. Kc4 Nd2+ 48. Kxb4 Nf1 49. Kc4 Nxg3 50. Kd4 Nh5 51. Bd3 Nf6 52. Bc4 e5+ 53. Ke3 Kc5 54. Be6 Kb4 55. Bf7 Kc3 56. Be6 g4 57. Bc4 e4 58. Be6 g3 59. Bh3 Kxb3 60. Kf4 Kc3 61. Bg2 Kd2 62. Kxg3 e3 63. Bf3 Ke1 64. Kg2 Nh7 65. Bg4 Ng5 66. Kg1 Kd2 67. Kg2 Ne6 68. Kg3 Nd4 69. Kg2 Nc6 70. Kf1 Ne5 71. Bh5 Nd3 72. Bf3 Nf4 73. Bg4 1/2-1/2

[Event "SUI-chT"]
[Site "Switzerland"]
[Date "2016.03.20"]
[Round "1.2"]
[White "Breder, Dennis"]
[Black "Gheorghiu, Florin"]
[Result "1-0"]
[WhiteElo "2463"]
[BlackElo "2382"]
[PlyCount "71"]
[EventDate "2016.03.20"]
[EventType "team-tourn"]
[EventRounds "9"]
[EventCountry "SUI"]
[SourceTitle "CBM 171 Extra"]
[Source "ChessBase"]
[SourceDate "2016.04.26"]
[SourceVersion "1"]
[SourceVersionDate "2016.04.26"]
[SourceQuality "1"]
[WhiteTeam "Bodan"]
[BlackTeam "Echallens"]
[WhiteTeamCountry "SUI"]
[BlackTeamCountry "SUI"]

1. e4 c5 2. Nf3 e6 3. g3 b6 4. d4 cxd4 5. Nxd4 Bb7 6. Bg2 Nf6 7. Nc3 Bb4 8. 0-0 Bxc3 9. bxc3 Bxe4 10. Bxe4 Nxe4 11. Qg4 f5 12. Qxg7 Qf6 13. Nxe6 dxe6 14. Qb7 Qxc3 15. Qxa8 Qxa1 16. Qxb8+ Kf7 17. Qxa7+ Kg6 18. Be3 Qb2 19. Qe7 Qf6 20. Qxf6+ Kxf6 21. Bxb6 Ra8 22. Ra1 Ra4 23. Be3 Nc3 24. a3 e5 25. Bc5 Rc4 26. Bb4 Na4 27. c3 Nxc3 28. Bxc3 Rxc3 29. a4 Rc6 30. a5 Ra6 31. f3 Ke6 32. Kf2 Kd5 33. Ke3 h5 34. h3 Kc5 35. g4 hxg4 36. hxg4 1-0

[Event "SUI-chT"]
[Site "Switzerland"]
[Date "2015.10.11"]
[Round "9.1"]
[White "Prusikin, Michael"]
[Black "Gheorghiu, Florin"]
[Result "1/2-1/2"]
[WhiteElo "2547"]
[BlackElo "2363"]
[PlyCount "60"]
[EventDate "2015.03.29"]
[EventType "team-tourn"]
[EventRounds "9"]
[EventCountry "SUI"]
[SourceTitle "EXT 2017"]
[Source "ChessBase"]
[SourceDate "2016.10.25"]
[SourceVersion "1"]
[SourceVersionDate "2016.10.25"]
[SourceQuality "1"]
[WhiteTeam "Wollishofen"]
[BlackTeam "Echallens"]
[WhiteTeamCountry "SUI"]
[BlackTeamCountry "SUI"]

1. e4 c5 2. Nf3 e6 3. g3 b6 4. Bg2 Bb7 5. Qe2 Nc6 6. 0-0 d6 7. c3 Nf6 8. d4 cxd4 9. cxd4 d5 10. e5 Ne4 11. Be3 Be7 12. Ne1 f6 13. f3 Ng5 14. exf6 Bxf6 15. Bxg5 Bxg5 16. Qxe6+ Qe7 17. Qxe7+ Bxe7 18. Nc2 Bf6 19. Rd1 0-0-0 20. Nc3 g5 21. Rd2 Rhe8 22. Kf2 Na5 23. b3 Nc6 24. Rad1 h5 25. Ne3 Ne7 26. Bf1 Kb8 27. Bb5 Rf8 28. Ne2 Bh8 29. Bd3 Rd6 30. g4 Bc8 1/2-1/2

[Event "SUI-chT"]
[Site "Switzerland"]
[Date "2015.09.05"]
[Round "6.1"]
[White "Bauer, Christian"]
[Black "Gheorghiu, Florin"]
[Result "1-0"]
[WhiteElo "2637"]
[BlackElo "2363"]
[PlyCount "121"]
[EventDate "2015.03.29"]
[EventType "team-tourn"]
[EventRounds "9"]
[EventCountry "SUI"]
[SourceTitle "EXT 2016"]
[Source "ChessBase"]
[SourceDate "2015.10.08"]
[SourceVersion "1"]
[SourceVersionDate "2015.10.08"]
[SourceQuality "1"]
[WhiteTeam "Zuerich"]
[BlackTeam "Echallens"]
[WhiteTeamCountry "SUI"]
[BlackTeamCountry "SUI"]

1. d4 Nf6 2. Nf3 c5 3. d5 g6 4. Nc3 Bg7 5. e4 d6 6. Bb5+ Bd7 7. a4 0-0 8. 0-0 Bg4 9. h3 Bxf3 10. Qxf3 Nbd7 11. a5 a6 12. Be2 e5 13. dxe6 fxe6 14. Qg3 Ne5 15. Bf4 Qc7 16. Bxe5 dxe5 17. Bc4 Rfe8 18. Rfd1 Kf7 19. Qe3 Rad8 20. Rxd8 Rxd8 21. b3 Rd4 22. Bd3 Bf8 23. Qf3 Bh6 24. Nd1 Bd2 25. Ne3 Ke7 26. Nc4 Bf4 27. g3 Bh6 28. c3 Rd8 29. Bf1 Bg5 30. h4 Bh6 31. Bh3 Qc6 32. Re1 Qc7 33. Rd1 Rxd1+ 34. Qxd1 Qd7 35. Qe2 Qc6 36. Qd3 Qc7 37. Bg2 Nd7 38. Bh3 Nf6 39. Nb6 Qc6 40. Qc4 Nd7 41. Na4 Qd6 42. Nb2 Bd2 43. Nd3 b5 44. axb6 Nxb6 45. Qxc5 Qxc5 46. Nxc5 Bxc3 47. Nxe6 a5 48. Kf1 a4 49. bxa4 Nxa4 50. Ke2 Bb4 51. f4 Bd6 52. Kf3 Kf6 53. Nd8 Nc5 54. Ke3 h6 55. Nc6 Na6 56. Bf1 Nb8 57. fxe5+ Bxe5 58. Nxe5 Kxe5 59. Bb5 g5 60. hxg5 hxg5 61. g4 1-0

[Event "SUI-chT"]
[Site "Switzerland"]
[Date "2015.05.31"]
[Round "4.1"]
[White "Istratescu, Andrei"]
[Black "Gheorghiu, Florin"]
[Result "1/2-1/2"]
[WhiteElo "2639"]
[BlackElo "2363"]
[PlyCount "102"]
[EventDate "2015.03.29"]
[EventType "team-tourn"]
[EventRounds "9"]
[EventCountry "SUI"]
[SourceTitle "EXT 2016"]
[Source "ChessBase"]
[SourceDate "2015.10.08"]
[SourceVersion "1"]
[SourceVersionDate "2015.10.08"]
[SourceQuality "1"]
[WhiteTeam "Geneve"]
[BlackTeam "Echallens"]
[WhiteTeamCountry "SUI"]
[BlackTeamCountry "SUI"]

1. d4 Nf6 2. c4 c5 3. d5 g6 4. Nc3 d6 5. e4 Bg7 6. h3 0-0 7. Bd3 e6 8. Nf3 Na6 9. Be3 Nc7 10. Nd2 exd5 11. cxd5 a6 12. a4 Nd7 13. Nc4 Ne5 14. Nxe5 Bxe5 15. 0-0 Rb8 16. f4 Bg7 17. e5 b6 18. exd6 Qxd6 19. f5 Bb7 20. f6 Bh8 21. Bf4 Qd7 22. Qg4 Rbd8 23. Bf5 h5 24. Qh4 Qxf5 25. Bxc7 Qd3 26. Bxd8 Rxd8 27. Rad1 Qe3+ 28. Kh1 b5 29. axb5 axb5 30. Rfe1 Qh6 31. Re7 Ba8 32. Nxb5 Rxd5 33. Rf1 Bc6 34. Na7 Rd4 35. Qe1 Bd5 36. Nb5 Qg5 37. Rf2 Rd3 38. Re5 Rxh3+ 39. Kg1 Qh4 40. gxh3 Qg3+ 41. Kf1 Bc4+ 42. Ree2 Bxb5 43. Qc3 Qd6 44. Ke1 Bxe2 45. Kxe2 Qd5 46. b3 Kh7 47. Qc4 Qe5+ 48. Kf1 Bxf6 49. Qxf7+ Bg7 50. Kg2 Qe4+ 51. Qf3 Qe5 1/2-1/2

[Event "SUI-chT"]
[Site "Switzerland"]
[Date "2015.03.29"]
[Round "1.1"]
[White "Gheorghiu, Florin"]
[Black "Stojanovic, Mihajlo"]
[Result "1/2-1/2"]
[WhiteElo "2363"]
[BlackElo "2552"]
[PlyCount "54"]
[EventDate "2015.03.29"]
[EventType "team-tourn"]
[EventRounds "9"]
[EventCountry "SUI"]
[SourceTitle "EXT 2016"]
[Source "ChessBase"]
[SourceDate "2015.10.08"]
[SourceVersion "1"]
[SourceVersionDate "2015.10.08"]
[SourceQuality "1"]
[WhiteTeam "Echallens"]
[BlackTeam "Reti"]
[WhiteTeamCountry "SUI"]
[BlackTeamCountry "SUI"]

1. d4 d5 2. c4 dxc4 3. Nf3 c5 4. e3 cxd4 5. Qxd4 Qxd4 6. Nxd4 Bd7 7. Bxc4 Nc6 8. Nxc6 Bxc6 9. 0-0 Nf6 10. Nc3 a6 11. Bd2 e6 12. Rfd1 Bd6 13. Ne2 Ke7 14. Nd4 Bd7 15. Rac1 e5 16. Ne2 Rac8 17. Bb3 Bc6 18. Ba5 Ne4 19. Nc3 Nxc3 20. Rxc3 e4 21. Rdc1 Ra8 22. R3c2 Rhe8 23. Bc3 f6 24. Ba5 Be5 25. Bb4+ Bd6 26. Ba5 Be5 27. Bb4+ Bd6 1/2-1/2

[Event "Lausanne op"]
[Site "Lausanne"]
[Date "2007.09.17"]
[Round "6"]
[White "Gheorghiu, Florin"]
[Black "Andrist, Pascal"]
[Result "1-0"]
[WhiteElo "2357"]
[BlackElo "2140"]
[PlyCount "45"]
[EventDate "2007.09.14"]
[EventType "swiss"]
[EventRounds "7"]
[EventCountry "SUI"]
[SourceTitle "CBM 120 Extra"]
[Source "ChessBase"]
[SourceDate "2007.11.01"]
[SourceVersion "1"]
[SourceVersionDate "2007.11.01"]
[SourceQuality "1"]

1. d4 Nf6 2. Nf3 b6 3. c4 e6 4. g3 Bb7 5. Bg2 Be7 6. 0-0 0-0 7. Nc3 Ne4 8. Bd2 f5 9. d5 exd5 10. cxd5 Bf6 11. Rc1 c5 12. dxc6 dxc6 13. Qb3+ Kh8 14. Rfd1 Qe7 15. Be1 Nxc3 16. Bxc3 Bxc3 17. Qxc3 c5 18. Qe5 Qxe5 19. Nxe5 Bxg2 20. Kxg2 Na6 21. Rd7 f4 22. Rc4 g5 23. Nf7+ 1-0

[Event "Lausanne Masters-Hopefuls 7th"]
[Site "Lausanne"]
[Date "2006.09.17"]
[Round "7"]
[White "Olivier, Jean Christophe"]
[Black "Gheorghiu, Florin"]
[Result "1/2-1/2"]
[WhiteElo "2392"]
[BlackElo "2379"]
[PlyCount "36"]
[EventDate "2006.09.13"]
[EventType "tourn"]
[EventRounds "9"]
[EventCountry "SUI"]
[EventCategory "7"]
[SourceTitle "CBM 114 Extra"]
[Source "ChessBase"]
[SourceDate "2006.11.03"]
[SourceVersion "1"]
[SourceVersionDate "2006.11.03"]
[SourceQuality "1"]

1. e4 c5 2. Nf3 e6 3. d4 cxd4 4. Nxd4 a6 5. Bd3 Nf6 6. 0-0 d6 7. c4 g6 8. Nc3 Bg7 9. Nf3 Nc6 10. h3 Qc7 11. Bf4 Nd7 12. Rc1 Nce5 13. Nxe5 Nxe5 14. b3 0-0 15. Bb1 Bd7 16. Qd2 Rad8 17. Rfd1 Bc6 18. Be3 f5 1/2-1/2

[Event "Lausanne Masters-Hopefuls 7th"]
[Site "Lausanne"]
[Date "2006.09.16"]
[Round "6"]
[White "Gheorghiu, Florin"]
[Black "Vuilleumier, Alexandre"]
[Result "1/2-1/2"]
[WhiteElo "2379"]
[BlackElo "2402"]
[PlyCount "21"]
[EventDate "2006.09.13"]
[EventType "tourn"]
[EventRounds "9"]
[EventCountry "SUI"]
[EventCategory "7"]
[SourceTitle "CBM 114 Extra"]
[Source "ChessBase"]
[SourceDate "2006.11.03"]
[SourceVersion "1"]
[SourceVersionDate "2006.11.03"]
[SourceQuality "1"]

1. e4 c5 2. Nf3 d6 3. Bb5+ Bd7 4. Bxd7+ Qxd7 5. 0-0 Nf6 6. Re1 Nc6 7. d4 cxd4 8. Nxd4 g6 9. Nxc6 Qxc6 10. Nc3 Bg7 11. Bg5 1/2-1/2

[Event "Lausanne Masters-Hopefuls 7th"]
[Site "Lausanne"]
[Date "2006.09.14"]
[Round "3"]
[White "Gheorghiu, Florin"]
[Black "Kurmann, Oliver"]
[Result "1/2-1/2"]
[WhiteElo "2379"]
[BlackElo "2331"]
[PlyCount "20"]
[EventDate "2006.09.13"]
[EventType "tourn"]
[EventRounds "9"]
[EventCountry "SUI"]
[EventCategory "7"]
[SourceTitle "CBM 114 Extra"]
[Source "ChessBase"]
[SourceDate "2006.11.03"]
[SourceVersion "1"]
[SourceVersionDate "2006.11.03"]
[SourceQuality "1"]

1. Nf3 Nf6 2. c4 c6 3. Nc3 d5 4. e3 a6 5. Be2 Bg4 6. b3 e6 7. 0-0 Nbd7 8. d4 Bd6 9. Bb2 Qb8 10. h3 Bh5 1/2-1/2

[Event "Lausanne"]
[Site "Lausanne"]
[Date "2005.09.17"]
[Round "6"]
[White "Marcelin, Cyril"]
[Black "Gheorghiu, Florin"]
[Result "1/2-1/2"]
[WhiteElo "2481"]
[BlackElo "2394"]
[PlyCount "32"]
[EventDate "2005.09.14"]
[EventType "tourn"]
[EventRounds "9"]
[EventCountry "SUI"]
[EventCategory "5"]
[SourceTitle "CBM 108 Extra"]
[Source "ChessBase"]
[SourceDate "2005.11.04"]
[SourceVersion "1"]
[SourceVersionDate "2005.11.04"]
[SourceQuality "1"]

1. d4 Nf6 2. Bg5 e6 3. e4 h6 4. Bxf6 Qxf6 5. Nf3 d6 6. Nc3 Nd7 7. Qd2 a6 8. 0-0-0 Qe7 9. h4 g6 10. Qe3 Bg7 11. e5 Nb6 12. exd6 cxd6 13. d5 Nxd5 14. Nxd5 exd5 15. Qxe7+ Kxe7 16. Nd4 Bg4 1/2-1/2

[Event "Lausanne"]
[Site "Lausanne"]
[Date "2005.09.16"]
[Round "5"]
[White "Gheorghiu, Florin"]
[Black "Zawadzka, Jolanta"]
[Result "1/2-1/2"]
[WhiteElo "2394"]
[BlackElo "2402"]
[PlyCount "25"]
[EventDate "2005.09.14"]
[EventType "tourn"]
[EventRounds "9"]
[EventCountry "SUI"]
[EventCategory "5"]
[SourceTitle "CBM 108 Extra"]
[Source "ChessBase"]
[SourceDate "2005.11.04"]
[SourceVersion "1"]
[SourceVersionDate "2005.11.04"]
[SourceQuality "1"]

1. c4 Nf6 2. Nc3 g6 3. e4 d6 4. d4 Bg7 5. f3 0-0 6. Be3 a6 7. Qd2 Nbd7 8. Bd3 c5 9. Nge2 e6 10. 0-0 b6 11. Rad1 Bb7 12. b3 cxd4 13. Bxd4 1/2-1/2

[Event "Lenk op"]
[Site "Lenk"]
[Date "2005.04.27"]
[Round "6"]
[White "Gheorghiu, Florin"]
[Black "Djuric, Stefan"]
[Result "1/2-1/2"]
[WhiteElo "2389"]
[BlackElo "2459"]
[PlyCount "27"]
[EventDate "2005.04.24"]
[EventType "swiss"]
[EventRounds "7"]
[EventCountry "SUI"]
[SourceTitle "CBM 105 Extra"]
[Source "ChessBase"]
[SourceDate "2005.05.01"]
[SourceVersion "1"]
[SourceVersionDate "2005.05.01"]
[SourceQuality "1"]

1. d4 Nf6 2. c4 e6 3. Nf3 b6 4. g3 Bb7 5. Bg2 Be7 6. 0-0 0-0 7. Nc3 Ne4 8. Bd2 Bf6 9. Qc2 Nxd2 10. Qxd2 d6 11. Rad1 Nd7 12. Rfe1 g6 13. e4 Bg7 14. e5 1/2-1/2

[Event "Lenk op"]
[Site "Lenk"]
[Date "2005.04.25"]
[Round "3"]
[White "Gheorghiu, Florin"]
[Black "Gaehler, Marco"]
[Result "1-0"]
[WhiteElo "2389"]
[BlackElo "2100"]
[PlyCount "81"]
[EventDate "2005.04.24"]
[EventType "swiss"]
[EventRounds "7"]
[EventCountry "SUI"]
[SourceTitle "CBM 105 Extra"]
[Source "ChessBase"]
[SourceDate "2005.05.01"]
[SourceVersion "1"]
[SourceVersionDate "2005.05.01"]
[SourceQuality "1"]

1. d4 Nf6 2. Nf3 g6 3. c4 Bg7 4. Nc3 d6 5. e4 0-0 6. Be2 a5 7. h3 Nfd7 8. Bg5 h6 9. Be3 e5 10. Qd2 Kh7 11. g4 exd4 12. Nxd4 a4 13. h4 a3 14. b3 Ne5 15. g5 h5 16. f4 Ng4 17. Bg1 c5 18. Ndb5 f5 19. 0-0-0 fxe4 20. Nxe4 Na6 21. Nexd6 Qe7 22. Re1 Nb4 23. Bxc5 Nxa2+ 24. Qxa2 Bb2+ 25. Kd1 Ne3+ 26. Kd2 Ng2 27. Bd3 Nxe1 28. Rxe1 Qg7 29. f5 Bxf5 30. Nxf5 gxf5 31. Kc2 Rf7 32. Bb4 Rd8 33. Bc3 Bxc3 34. Nxc3 Qd4 35. Rd1 Qc5 36. Na4 Qf2+ 37. Rd2 Qf4 38. Qxa3 Rfd7 39. Nc5 Rd4 40. Ne6 Rxd3 41. Qe7+ 1-0

[Event "Lausanne"]
[Site "Lausanne"]
[Date "2004.09.18"]
[Round "7"]
[White "Huss, Andreas"]
[Black "Gheorghiu, Florin"]
[Result "1/2-1/2"]
[WhiteElo "2334"]
[BlackElo "2394"]
[PlyCount "24"]
[EventDate "2004.09.15"]
[EventType "tourn"]
[EventRounds "9"]
[EventCountry "SUI"]
[EventCategory "5"]
[SourceTitle "CBM 103 Extra"]
[Source "ChessBase"]
[SourceDate "2005.01.01"]
[SourceVersion "1"]
[SourceVersionDate "2005.01.01"]
[SourceQuality "1"]

1. d4 d5 2. c4 c6 3. cxd5 cxd5 4. Nf3 Nf6 5. Nc3 Nc6 6. Bf4 Bf5 7. e3 e6 8. Bd3 Bxd3 9. Qxd3 Bd6 10. Bxd6 Qxd6 11. 0-0 0-0 12. Rac1 Rfc8 1/2-1/2

[Event "Winterthur op"]
[Site "Winterthur"]
[Date "2003.10.08"]
[Round "6"]
[White "Gheorghiu, Florin"]
[Black "Zambo, Zoltan"]
[Result "1-0"]
[WhiteElo "2431"]
[BlackElo "2196"]
[PlyCount "102"]
[EventDate "2003.10.03"]
[EventType "swiss"]
[EventRounds "9"]
[EventCountry "SUI"]
[SourceTitle "CBM 096 Extra"]
[Source "ChessBase"]
[SourceDate "2003.10.22"]
[SourceVersion "2"]
[SourceVersionDate "2003.10.20"]
[SourceQuality "1"]

1. d4 d5 2. c4 e6 3. Nf3 f5 4. Bf4 Nf6 5. Nc3 c6 6. e3 Be7 7. Bd3 0-0 8. h3 Ne4 9. Qc2 Qa5 10. Ke2 Bd7 11. g4 Be8 12. gxf5 exf5 13. Ne5 Nd7 14. Nxd7 Bxd7 15. Qb3 Nxc3+ 16. bxc3 b6 17. Be5 Rf7 18. cxd5 cxd5 19. a4 Rc8 20. Rhc1 Be6 21. Qb5 g6 22. Qxa5 bxa5 23. Rab1 Bd8 24. f4 Bb6 25. Ba6 Rc6 26. Bb5 Rc8 27. Kd3 Bc7 28. c4 Bxe5 29. cxd5 Rxc1 30. Rxc1 Bxd5 31. dxe5 Kf8 32. Rc8+ Kg7 33. Kd4 Ba2 34. Kc5 g5 35. fxg5 f4 36. exf4 Rxf4 37. Kd6 Rd4+ 38. Ke7 Re4 39. Rc5 Bb3 40. Bc6 Re3 41. Rxa5 Rxh3 42. e6 Re3 43. Bd5 Bc2 44. Kd6 Kg6 45. e7 Kh5 46. Bf7+ Bg6 47. Bxg6+ Kxg6 48. Re5 Rxe5 49. Kxe5 Kf7 50. Kd6 Ke8 51. Ke6 a6 1-0

[Event "Lausanne int"]
[Site "Lausanne"]
[Date "2003.??.??"]
[Round "?"]
[White "Gheorghiu, Florin"]
[Black "Raetsky, Alexander"]
[Result "1/2-1/2"]
[WhiteElo "2430"]
[BlackElo "2435"]
[PlyCount "27"]
[EventDate "2003.09.??"]
[EventType "swiss"]
[EventRounds "7"]
[EventCountry "SUI"]
[SourceTitle "EXT 2004"]
[Source "ChessBase"]
[SourceDate "2003.11.25"]
[SourceVersion "1"]
[SourceVersionDate "2003.11.25"]
[SourceQuality "1"]

1. d4 d5 2. Nf3 Nf6 3. c4 dxc4 4. e3 e6 5. Bxc4 c5 6. dxc5 Qxd1+ 7. Kxd1 Bxc5 8. Ke2 0-0 9. a3 Nbd7 10. Nbd2 Be7 11. b3 b6 12. Bb2 Bb7 13. Rac1 Rfc8 14. Rhd1 1/2-1/2

[Event "Lausanne int"]
[Site "Lausanne"]
[Date "2003.??.??"]
[Round "?"]
[White "Olivier, Jean Christophe"]
[Black "Gheorghiu, Florin"]
[Result "1-0"]
[WhiteElo "2425"]
[BlackElo "2430"]
[PlyCount "111"]
[EventDate "2003.09.??"]
[EventType "swiss"]
[EventRounds "7"]
[EventCountry "SUI"]
[SourceTitle "EXT 2004"]
[Source "ChessBase"]
[SourceDate "2003.11.25"]
[SourceVersion "1"]
[SourceVersionDate "2003.11.25"]
[SourceQuality "1"]

1. e4 c5 2. Nf3 Nc6 3. d4 cxd4 4. Nxd4 e6 5. Nc3 Qc7 6. Be3 a6 7. Bd3 Nf6 8. 0-0 Nxd4 9. Bxd4 Bc5 10. Bxc5 Qxc5 11. Re1 d6 12. Qd2 Bd7 13. Rad1 Bc6 14. Bf1 0-0-0 15. a3 d5 16. b4 Qb6 17. e5 Ne4 18. Nxe4 dxe4 19. Qg5 Rhg8 20. c4 Rd4 21. Qe3 Rxd1 22. Rxd1 Qxe3 23. fxe3 f6 24. exf6 gxf6 25. Rd6 Re8 26. c5 Bd5 27. a4 Rd8 28. Rxd8+ Kxd8 29. Kf2 Ke7 30. g4 e5 31. a5 Bc6 32. Bc4 h6 33. Kg3 Kf8 34. Kh4 Kg7 35. Be6 Kg6 36. Bf5+ Kg7 37. Kg3 Kf7 38. Kh3 Kf8 39. Kh4 Kg7 40. Kg3 Kf7 41. h3 Kf8 42. Be6 Ke7 43. Bc8 Kf7 44. Kh4 Kf8 45. Be6 Kg7 46. Bf5 Kf7 47. Kh5 Kg7 48. Bg6 Bd5 49. Be8 Kh7 50. b5 axb5 51. Bxb5 Kg7 52. Bd7 Bf7+ 53. Kh4 Kf8 54. c6 bxc6 55. Bxc6 Bc4 56. Bb7 1-0

[Event "Neuchatel op"]
[Site "Neuchatel"]
[Date "2003.??.??"]
[Round "?"]
[White "Tukmakov, Vladimir B"]
[Black "Gheorghiu, Florin"]
[Result "1-0"]
[WhiteElo "2565"]
[BlackElo "2385"]
[PlyCount "83"]
[EventDate "2003.05.??"]
[EventType "swiss"]
[EventRounds "7"]
[EventCountry "SUI"]
[SourceTitle "EXT 2005"]
[Source "ChessBase"]
[SourceDate "2004.11.15"]
[SourceVersion "1"]
[SourceVersionDate "2004.11.15"]
[SourceQuality "1"]

1. c4 c5 2. Nf3 g6 3. d4 Bg7 4. e4 Qa5+ 5. Nc3 d6 6. d5 Bg4 7. Bd2 Nd7 8. Qc2 Bxf3 9. gxf3 Ngf6 10. f4 a6 11. Bh3 Qc7 12. 0-0 0-0 13. b3 Bh6 14. f5 Bxd2 15. Qxd2 Kh8 16. fxg6 Rg8 17. Kh1 hxg6 18. Qh6+ Nh7 19. f4 Rg7 20. e5 Ndf8 21. Rae1 b5 22. Ne4 dxe5 23. fxe5 Qxe5 24. Nxc5 Qc7 25. Qe3 bxc4 26. bxc4 f5 27. Rc1 Qb6 28. Rb1 Qf6 29. Nd3 Rc8 30. c5 Qh4 31. Rb4 Qh5 32. Qg3 Qe2 33. Rb2 Qh5 34. Bg2 Nf6 35. c6 Rh7 36. Ne5 Qh4 37. Qf4 Qh5 38. Bf3 Qh3 39. Rg2 Rh4 40. Qg5 Rd4 41. Rfg1 Rd3 42. Rg3 1-0